Protocolo de atención estética en pacientes oncológicos / (Registro nro. 4236)

Detalles MARC
000 -LEADER
fixed length control field 02298nam a2200265 a 4500
005 - DATE AND TIME OF LATEST TRANSACTION
control field 20250329165438.0
008 - FIXED-LENGTH DATA ELEMENTS--GENERAL INFORMATION
fixed length control field 161103s2022 000 0 eng d
040 ## - CATALOGING SOURCE
Original cataloging agency CO-CtgCURN
Language of cataloging spa
Transcribing agency coctgcurn
082 0# - DEWEY DECIMAL CLASSIFICATION NUMBER
Classification number EST 2022
Item number G985
100 1# - MAIN ENTRY--PERSONAL NAME
Personal name Gutiérrez Yanez, Nicole.
245 10 - TITLE STATEMENT
Title Protocolo de atención estética en pacientes oncológicos /
Statement of responsibility, etc. Nicole Gutiérrez Yanes; Janiris Amor Torrens; Asesor Candelaria Cabarcas Meléndez.
260 ## - PUBLICATION, DISTRIBUTION, ETC.
Place of publication, distribution, etc. Cartagena de Indias, D.T. :
Name of publisher, distributor, etc. Corporación Universitaria "Rafael Nuñez",
Date of publication, distribution, etc. 2022.
300 ## - PHYSICAL DESCRIPTION
Extent 16 hojas.
336 ## - CONTENT TYPE
Source rdacontent
337 ## - MEDIA TYPE
Source rdamedia
Media type term sin mediacion
Media type code n
338 ## - CARRIER TYPE
Source rdacarrier
Carrier type term volumen
Carrier type code nc
502 ## - DISSERTATION NOTE
Dissertation note Trabajo de grado (Tecnologa en Estética y cosmetología). Corporación Universitaria "Rafael Nuñez" Facultad de Ciencias de la Salud. Programa de Tecnologia en Estética y cosmetología, 2022.
520 ## - SUMMARY, ETC.
Summary, etc. "Enfrentarse a un diagnóstico de cáncer no es una tarea fácil, no sólo por la complejidad de la enfermedad, sino por el gran impacto sociocultural. El área oncología ayuda a los pacientes a brindar una mejor calidad de vida, bienestar a él y su familia, entender las diferentes situaciones que se pueden presentar en el proceso de la enfermedad y en la estadía en el área de oncología, hace que se requiera de diferentes profesionales para contribuir con el proceso, un equipo multidisciplinario con atención integral que requiera de la articulación de las diferentes especialidades oncológicas, así como la sinergia de una diversidad de servicios diagnósticos (patología, laboratorio clínico, imagenología, medicina nuclear entre otros) y de soporte clínico y social (nutrición, salud mental, trabajo social, control del dolor entre otros) que son complementarios. Una vez diagnosticada la enfermedad por el médico especialista "
650 #0 - SUBJECT ADDED ENTRY--TOPICAL TERM
Topical term or geographic name entry element Estética y cosmetología
General subdivision Tesis y Disertaciones academicas.
700 1# - ADDED ENTRY--PERSONAL NAME
Personal name Amor Torrens, Janiris.
700 1# - ADDED ENTRY--PERSONAL NAME
Personal name Cabarcas Meléndez, Candelaria,
Relator term asesor.
856 ## - ELECTRONIC LOCATION AND ACCESS
Uniform Resource Identifier <a href="https://unicurn.sharepoint.com/:b:/s/biblioteca/EWNB5qoOYPhIsg544qSvA3UBMEg3wdmdIFlD2F0Okk8Xig?e=kA62VT">https://unicurn.sharepoint.com/:b:/s/biblioteca/EWNB5qoOYPhIsg544qSvA3UBMEg3wdmdIFlD2F0Okk8Xig?e=kA62VT</a>
Public note De click aqui para ver el recurso en texto completo
942 ## - ADDED ENTRY ELEMENTS (KOHA)
Classification part EST 2022
Item part G985
Source of classification or shelving scheme Dewey Decimal Classification
Koha item type Trabajos de grado
Existencias
Withdrawn status Lost status Damaged status Not for loan Collection Home library Current library Shelving location Date acquired Cost, normal purchase price Inventory number Total checkouts Full call number Barcode Date last seen Price effective from Koha item type
        Trabajos de grado Miguel Henríquez Emiliani Miguel Henríquez Emiliani Trabajo de grado 09/23/2018 35000.00 024988   EST 2022 G985 024988 03/29/2025 03/29/2025 Trabajos de grado